000
00461nam a2200133Ia 4500
008
100328s9999 xx 000 0 und d
082
_b
3757
100
_a
वरेरकर भार्गवराम विठ्ठल
245
_a
भानगड गल्ली
260
_b
बकुल आर्ट प्रिटींग प्रेस
630
_a
भानगड गल्ली
730
_a
भानगड गल्ली
942
_c
BOOK
999
_c
499875
_d
499872